The Penguin dictionary of eighteenth century history
Αποθηκεύτηκε σε:
| Άλλοι συγγραφείς: | , |
|---|---|
| Μορφή: | Βιβλίο |
| Γλώσσα: | English |
| Δημοσίευση: |
London :
Penguin,
1996
|
| Σειρά: | Penguin reference books
|
| Θέματα: | |
| Ετικέτες: |
Προσθήκη ετικέτας
Δεν υπάρχουν, Καταχωρήστε ετικέτα πρώτοι!
|
MARC
| LEADER | 00000nam a2200000 i 4500 | ||
|---|---|---|---|
| 001 | 1/75652 | ||
| 008 | 990324r19961994 eng d | ||
| 020 | |a 0140512586 | ||
| 035 | |l 10049393 | ||
| 040 | |a GR-MY-UA |b gre |e aacr | ||
| 041 | 0 | |a eng | |
| 082 | 0 | |a 909.703 | |
| 245 | 1 | 4 | |a The Penguin dictionary of eighteenth century history / |c edited by Jeremy Black and Roy Porter |
| 260 | |a London : |b Penguin, |c 1996 | ||
| 300 | |a xvii, 880 p.; |b maps; |c 20 cm. | ||
| 490 | 1 | |a Penguin reference books | |
| 500 | |a Originally published as: A dictionary of eighteenth century world history: London: Blackwell, 1994 | ||
| 650 | 0 | 0 | |a History, Modern |y 18th century |x Dictionaries. |
| 700 | 1 | |a Black, Jeremy. |4 edt | |
| 700 | 1 | |a Porter, Roy |d 1946-2002. |4 edt | |
| 830 | 0 | |a Penguin reference books | |
| 852 | |a INST |b LESVOS |e 19990324 |h 909.703 PEN |p 005100024068 |q 005100024068 |t REF |y 23 | ||
| 901 | |a BIBL1-2000-2 | ||
| 909 | |a Λ |b 062400 | ||
| 922 | |a 1ΕΛΗ |b 199812 |c ΚΠΣ/ΚΥΒ |d LEADER | ||
| 950 | |a 023-1998-09-14 | ||
| 970 | |z 2000/04/ΜΙΧΑΗΛΙΔΟΥ ΑΝΝΑ | ||